000 00949cam a2200217 4500
001 X121391
008 030219n2003 000 0 eng u
035 _a(Sirsi) u121391
100 _aJames, D.
245 _aInvestment should lead to profitability on a rented farm
260 _c2003
490 _aFarmers' Weekly
_v138(7) 14 February 2003, 38(1)
520 _aOrganic milk producer, Alex Holland, advocates investing money to boost profits on a rented farm even when the tenancy is short term. Outlines the changes in farming initiated by going from arable farming to organic milk production in order to improve productivity and profitability and also his practical experience.
650 _aPROPERTY-LANDLORD AND TENANT-TENANCIES-AGRICULTURAL TENANCIES
650 _aINVESTMENT
650 _aORGANIC FARMING
650 _aMILK PRODUCTION
650 _aSHORT TERM TENANCIES
690 _aRURAL-FARM BUSINESS MANAGEMENT
942 _n0
999 _c72130
_d72130